| 000 | 00560nam a2200193 4500 | ||
|---|---|---|---|
| 001 | 12245 | ||
| 005 | 20230410103646.0 | ||
| 008 | 060907n1990 dr spa | ||
| 020 | _a0253325315 | ||
| 035 | _9funglode12341 | ||
| 041 | _aEN | ||
| 050 | 1 | 4 | _a300 DJK 45 G261b 1990 |
| 100 | _aGati, Charles | ||
| 245 | 1 | 4 |
_aThe bloc that failed : _bSoviet-East european relations in transition / _cCharles Gati |
| 260 |
_aBloomington : _bIndiana University Press, _c1990 |
||
| 300 | _axiv, 226 p. | ||
| 440 |
_aMidland book ; _vMB 561 |
||
| 942 |
_2lcc _cbk |
||
| 999 |
_c23405 _d23405 |
||